000 00615nam a22002177a 4500
999 _c126385
_d126385
001 2029902
003 ARRUPE
005 20170411094623.0
008 930911s1990 rh 000 0 eng
010 _a 91981019
020 _a0869224816
040 _aDLC
_cDLC
050 0 0 _aMLCS 93/14126 (P)
100 1 _aMutasa, N. M.
_929766
245 1 0 _aNhume yamambo /
_cN.M. Mutasa.
260 _aGweru, Zimbabwe :
_bMambo Press,
_c1990.
300 _a202 p. ;
_c19 cm.
500 _aNovel.
906 _a7
_bcbc
_corignew
_du
_encip
_f19
_gy-gencatlg
942 _2lcc
_cMONOGRAPH